Statistiques concernant Les pierres en fonction du mois de naissance

Cliquez ici pour prendre le quiz!

Statistiques générales

  • Ce quiz a été pris 22 fois
  • Le résultat moyen est 10 sur 13

Statistiques - réponses

PierresMois% Correct
TsavoriteJanvier
95%
Aigue-marineMars
90%
DiamantAvril
85%
GrenatJanvier
85%
PerleJuin
85%
PéridotAoût
80%
AméthysteFévrier
75%
SaphirSeptembre
75%
TanzaniteDécembre
70%
RubisJuillet
70%
ÉmeraudeMai
70%
CitrineNovembre
70%
TourmalineOctobre
70%

Distribution des résultats

Percentile par nombre de réponses

% des personnes avec chaque résultat

Votre développement - résultats

Vous n’avez pas pris ce quiz